000 00300nam a22001337a 4500
008 181106b xxu||||| |||| 00| 0 eng d
020 _a9781557982650
041 _aeng
080 _a159.9
100 _a49
101 _aPSI
245 _aTheories Behavior Therapy
_cWilliam.O D
942 _2udc
_cBK
999 _c51962
_d51962